Great political thinkers. : (Record no. 597)
[ view plain ]
| 000 -LEADER | |
|---|---|
| fixed length control field | 00480cam a2200181ua 4500 |
| 008 - FIXED-LENGTH DATA ELEMENTS--GENERAL INFORMATION | |
| fixed length control field | 110412n ii |||gr||||Z||||||eng |
| 040 ## - CATALOGING SOURCE | |
| Transcribing agency | MAIN |
| 082 ## - DEWEY DECIMAL CLASSIFICATION NUMBER | |
| Classification number | 320.9 |
| 245 ## - TITLE STATEMENT | |
| Title | Great political thinkers. : |
| Remainder of title | Plato to present. / |
| Statement of responsibility, etc. | By William Ebenstein. |
| 250 ## - EDITION STATEMENT | |
| Edition statement | 3rd. |
| 260 ## - PUBLICATION, DISTRIBUTION, ETC. | |
| Place of publication, distribution, etc. | Calcutta.: |
| Name of publisher, distributor, etc. | Oxford.,960. |
| 300 ## - PHYSICAL DESCRIPTION | |
| Extent | xii, 978 p.:6 cm. |
| 700 1# - ADDED ENTRY--PERSONAL NAME | |
| Personal name | Ebenstein, William., |
| 942 ## - ADDED ENTRY ELEMENTS (KOHA) | |
| Koha item type | Books |
| 653 ## - INDEX TERM--UNCONTROLLED | |
| Uncontrolled term | Political science. |
| 653 ## - INDEX TERM--UNCONTROLLED | |
| Uncontrolled term | Great political thinkers. |
| Withdrawn status | Lost status | Damaged status | Not for loan | Home library | Current library | Shelving location | Date acquired | Total Checkouts | Full call number | Barcode | Date last seen | Copy number | Price effective from | Koha item type |
|---|---|---|---|---|---|---|---|---|---|---|---|---|---|---|
| Central Library, Naharkatiya College | Central Library, Naharkatiya College | 19/09/2020 | 320.9 | EBE | 17328 | 19/09/2020 | 1 | 19/09/2020 | Books |
